000 00283nam a22001097a 4500
008 170120b xxu||||| |||| 00| 0 eng d
020 _a9781401810320
041 _aeng
080 _27TH
_a618.2
245 _aFLUIDS AND ELECTROLYTES WITH CLINICAL APPLICTIONS
_cKEE, J.L
942 _2udc
_cBK
999 _c3211
_d3211